Osnovy kibernetiki : Teorija kibernetičeskich sistem

Enregistré dans:
Détails bibliographiques
Format: Livre
Langue:russe
Publié: Moskva : Vysšaja škola, 1976
Tags: Ajouter un tag
Pas de tags, Soyez le premier à ajouter un tag!

MARC

LEADER 00000nam a22000003a 4500
001 stu201213
005 20141123094842.5
008 100319s1976----xxr-----------------rus-d
040 |a STU  |b slo 
041 0 |a rus 
044 |a xxr 
080 |a 681.5 
245 |a Osnovy kibernetiki :  |b Teorija kibernetičeskich sistem 
260 |a Moskva :  |b Vysšaja škola,  |c 1976 
300 |a 407 s 
996 |b E38998  |c E*38998  |l EE03  |s P  |a 0  |w stu201213_0001